000 00671nam a2200253Ia 4500
003 OSt
005 20221006151120.0
006 a|||||r|||| 00| 0
007 ta
008 221006b |||||||| |||| 00| 0 jpn d
020 _c¥440
024 _a20,983
037 _bGift, Japan Foundation
_cTextual
040 _aEASL
_cEASL
_bjpn
041 _2jpn
_ajpn
082 _a1008178
100 _aYAMAMOTO Shugoro
_9154222
245 0 _aNichi nichi heian
260 _aTokyo
_bShincho Bunko Japan
_c1965
300 _a394p.
_ccm.
650 _aJL
942 _h1008178
_cTEXL
_2CC
999 _c1089069
_d1089069